Nova Scotia Premiers - Statistics

General Stats
  • This quiz has been taken 24 times
  • The average score is 8 of 35
Answer Stats
Term Political Party Premier % Correct
2013 - Present Liberal Stephen McNeil
90%
1945 - 1954 Liberal Angus L. MacDonald
67%
1933 - 1940 Liberal Angus L. MacDonald
67%
2009 - 2013 New Democratic Darrell Dexter
67%
2006 - 2009 Progressive Conservative Rodney MacDonald
67%
1993 - 1997 Liberal John Savage
48%
1978 - 1990 Progressive Conservative John Buchanan
43%
1999 - 2006 Progressive Conservative John F. Hamm
38%
1956 - 1967 Progressive Conservative Robert Stanfield
33%
1864 - 1867 Confederation Charles Tupper
29%
1967 - 1970 Progressive Conservative George Isaac Smith
24%
1860 - 1863 Liberal Joseph Howe
24%
1991 - 1993 Progressive Conservative Donald William Cameron
19%
1970 - 1978 Liberal Gerald Regan
19%
1940 - 1945 Liberal Alexander Stirling MacMillan
14%
1990 - 1991 Progressive Conservative Roger Stuart Bacon
14%
1997 - 1999 Liberal Russell MacLellan
14%
1925 - 1930 Conservative Edgar Nelson Rhodes
10%
1896 - 1923 Liberal George Henry Murray
10%
1930 - 1933 Conservative Gordon Sidney Harrington
10%
1954 - 1956 Liberal Henry Hicks
10%
1923 - 1925 Liberal Ernest Howard Armstrong
5%
1954 Liberal Harold Connolly
5%
1867 Conservative Hiram Blanchard
5%
1848 - 1854 Liberal James Boyle Uniacke
5%
1863 - 1864 Conservative James William Johnston
5%
1857 - 1860 Conservative James William Johnston
5%
1882 Conservative John Sparrow David Thompson
5%
1875 - 1878 Liberal Philip Carteret Hill
5%
1878 - 1882 Conservative Simon Hugh Holmes
5%
1867 - 1875 Anti-Confederation-Liberal William Annand
5%
1884 - 1896 Liberal William Stevens Fielding
5%
1882 - 1884 Liberal William Thomas Pipes
5%
1860 Liberal William Young
5%
1854 - 1857 Liberal William Young
5%
No matching quizzes found
Score Distribution
Percent of People with Each Score
Percentile by Number Answered
Your Score History
You have not taken this quiz